000
00344nas a2200157 a 4500
001
77684
003
153326
005
20201118111450.0
008
||||||n9999 ||| || ||
245
0
_a
Time - Vol. 156 No.9
260
_a
Estados Unidos :
562
_e
1
773
_0
21966
_a
Time
942
_c
SISS
999
_c
77684
_d
77684